000
00282nam a2200109Ia 4500
008
171211s9999 xx 000 0 und d
245
_a
Prezi Essentials
245
_c
Domi Sinclair
260
_c
2014
650
_x
SOFTWARE
856
_u
http://down.ebook777.com/063/9781783552931.pdf
999
_c
349313
_d
349313